书目信息 |
| 题名: |
热交换器设计手册
|
|
| 作者: | 尾花英明 著 ;徐中权 译 | |
| 分册: | 下册 | |
| 出版信息: | 北京 烃加工出版社 1987 |
|
| 页数: | 1038页 | |
| 开本: | 19cm | |
| 丛书名: | ||
| 单 册: | ||
| 中图分类: | TK17 | |
| 科图分类: | ||
| 主题词: | 换热器-理论 , 理论-换热器 , 换热器--设计 | |
| 电子资源: | ||
| ISBN: | ||
| 000 | 00759nam0 2200277 45 | |
| 001 | 0187007600 | |
| 005 | 20060809111341.26 | |
| 010 | @dCNY5.00 | |
| 091 | @a15391.81 | |
| 100 | @a19900903d1987 emky0chiy0121 ea | |
| 101 | 1 | @achi@cjpn |
| 102 | @aCN@b110000 | |
| 105 | @af z 000yy | |
| 200 | 10 | @a热交换器设计手册@Are jiao huan qi she ji shou ce@h下册@f(日)尾花英朗著@g徐中权译 |
| 210 | @a北京@c烃加工出版社@d1987 | |
| 215 | @a1038页@c图表@d19cm | |
| 606 | @a换热器-理论 | |
| 606 | @a理论-换热器 | |
| 606 | @a换热器@x设计 | |
| 610 | 0 | @a热交换器@a手册 |
| 690 | @aTK17@v3 | |
| 701 | 0 | @a尾花英明@Awei hua ying lang@4著 |
| 702 | 0 | @a徐中权@Axu zhong quan@4译 |
| 801 | 2 | @aCN@bNLC@c20060809 |
| 801 | 0 | @aCN@bTSSF |
| 905 | @a10447@dTK17@e66:2 | |
| 热交换器设计手册.下册/(日)尾花英朗著/徐中权译.-北京:烃加工出版社,1987 |
| 1038页:图表;19cm |
| ISBN :CNY5.00 |
| ● |
| 相关链接 |
|
|
|
|
正题名:热交换器设计手册
索取号:TK17/66:2
 
预约/预借
| 序号 | 登录号 | 条形码 | 馆藏地/架位号 | 状态 | 备注 |
| 1 | 0451925 | 204519253 | 密集书库/ [索取号:TK17/66:2] | 在馆 | |
| 2 | 0451926 | 204519262 | 密集书库/ [索取号:TK17/66:2] | 在馆 | |
| 3 | 0451927 | 204519271 | 密集书库/ [索取号:TK17/66:2] | 在馆 |